[Event "EYCC 2024 - O14"]
[Site "?"]
[Date "2024.08.26"]
[Round "5.9"]
[White "Villa Tornero, Alex"]
[Black "Stefanovic, Bosko"]
[Result "1-0"]
[BlackElo "2112"]
[WhiteElo "2241"]
[LiveChessVersion "1.4.8"]

1. e4 {[%clk 1:30:31]} e6 {[%clk 1:30:46]} 2. d4 {[%clk 1:30:50]} d5
{[%clk 1:31:10]} 3. e5 {[%clk 1:30:38]} c5 {[%clk 1:31:25]} 4. c3
{[%clk 1:31:02]} Qb6 {[%clk 1:31:31]} 5. Nf3 {[%clk 1:31:05]} Bd7
{[%clk 1:31:50]} 6. Be2 {[%clk 1:30:56]} cxd4 {[%clk 1:32:02]} 7. cxd4
{[%clk 1:31:03]} Bb5 {[%clk 1:32:21]} 8. Nc3 {[%clk 1:31:16]} Bb4
{[%clk 1:32:24]} 9. O-O {[%clk 1:28:50]} Bxc3 {[%clk 1:32:36]} 10. bxc3
{[%clk 1:26:14]} Bxe2 {[%clk 1:32:48]} 11. Qxe2 {[%clk 1:26:36]} Qa6
{[%clk 1:33:15]} 12. Qe3 {[%clk 1:20:46]} Ne7 {[%clk 1:17:03]} 13. a4
{[%clk 1:03:56]} h6 {[%clk 1:07:38]} 14. Ba3 {[%clk 0:59:49]} Nbc6
{[%clk 1:07:51]} 15. Nd2 {[%clk 0:56:27]} Nf5 {[%clk 0:53:21]} 16. Qh3
{[%clk 0:56:32]} Qe2 {[%clk 0:52:52]} 17. Ra2 {[%clk 0:50:54]} h5
{[%clk 0:49:02]} 18. Rb2 {[%clk 0:45:07]} b6 {[%clk 0:44:24]} 19. Rc1
{[%clk 0:35:57]} g5 {[%clk 0:37:05]} 20. c4 {[%clk 0:34:22]} Ncxd4
{[%clk 0:26:12]} 21. cxd5 {[%clk 0:33:40]} Kd7 {[%clk 0:17:28]} 22. dxe6+
{[%clk 0:29:39]} fxe6 {[%clk 0:17:44]} 23. Nc4 {[%clk 0:28:35]} g4
{[%clk 0:15:21]} 24. Qc3 Rhc8 {[%clk 0:14:09]} 25. Qb4 {[%clk 0:24:10]} Rxc4
{[%clk 0:13:11]} 26. Qxc4 {[%clk 0:23:50]} Qxc4 {[%clk 0:13:13]} 27. Rxc4
{[%clk 0:24:19]} Rc8 {[%clk 0:13:26]} 28. Rxd4+ {[%clk 0:22:26]} Nxd4
{[%clk 0:13:53]} 29. Rd2 {[%clk 0:22:51]} Rc4 {[%clk 0:12:32]} 30. Bb2
{[%clk 0:23:13]} Rxa4 {[%clk 0:09:36]} 31. Bxd4 {[%clk 0:22:51]} Kc6
{[%clk 0:09:52]} 32. h3 {[%clk 0:22:58]} gxh3 {[%clk 0:10:16]} 33. gxh3
{[%clk 0:23:23]} a5 {[%clk 0:10:38]} 34. Be3 {[%clk 0:23:30]} Rb4
{[%clk 0:10:35]} 35. Rd6+ {[%clk 0:18:23]} Kb7 {[%clk 0:10:35]} 36. Rxe6
{[%clk 0:18:14]} a4 {[%clk 0:11:04]} 37. Re7+ {[%clk 0:18:37]} Ka6
{[%clk 0:11:23]} 38. Re8 {[%clk 0:18:42]} Kb7 {[%clk 0:11:40]} 39. e6
{[%clk 0:18:32]} a3 {[%clk 0:11:55]} 40. e7 {[%clk 0:18:40]} Re4 {[%clk 0:12:12]}
41. Rd8 {[%clk 0:18:26]} a2 {[%clk 0:12:11]} 42. Rd1 {[%clk 0:18:48]} Rxe7
{[%clk 0:12:18]} 43. Ra1 {[%clk 0:19:15]} Kc6 {[%clk 0:12:25]} 44. Rxa2
{[%clk 0:19:41]} b5 {[%clk 0:12:48]} 45. Rc2+ {[%clk 0:19:59]} Kb7
{[%clk 0:13:08]} 46. Rc5 {[%clk 0:19:43]} Ka6 {[%clk 0:13:34]} 47. Rxh5
{[%clk 0:20:10]} 1-0

[Event "EYCC 2024 - O14"]
[Site "?"]
[Date "2024.08.26"]
[Round "5.10"]
[White "Laignel, Quentin"]
[Black "Pycinski, Wladyslaw"]
[Result "1/2-1/2"]
[BlackElo "2237"]
[WhiteElo "2101"]
[LiveChessVersion "1.4.8"]

1. d4 {[%clk 1:30:55]} d5 {[%clk 1:30:53]} 2. c4 {[%clk 1:31:11]} e6
{[%clk 1:31:02]} 3. Nf3 {[%clk 1:30:58]} Nf6 {[%clk 1:31:24]} 4. Nc3
{[%clk 1:30:34]} Nbd7 {[%clk 1:30:06]} 5. Qc2 {[%clk 1:26:57]} c5
{[%clk 1:27:23]} 6. cxd5 {[%clk 1:21:24]} Nxd5 {[%clk 1:27:25]} 7. dxc5
{[%clk 1:08:30]} Nxc5 {[%clk 1:00:43]} 8. Nxd5 {[%clk 0:52:04]} exd5
{[%clk 0:53:01]} 9. e3 {[%clk 0:50:02]} Bd7 {[%clk 0:51:23]} 10. Be2
{[%clk 0:46:48]} Bd6 {[%clk 0:50:25]} 11. O-O {[%clk 0:42:09]} O-O
{[%clk 0:47:56]} 12. b3 {[%clk 0:40:12]} Rc8 {[%clk 0:47:27]} 13. Qd1
{[%clk 0:39:43]} Be6 {[%clk 0:34:49]} 14. Bb2 {[%clk 0:38:53]} Ne4
{[%clk 0:34:52]} 15. Qd4 {[%clk 0:34:44]} f6 {[%clk 0:34:48]} 16. Rfc1
{[%clk 0:30:38]} Qa5 {[%clk 0:30:21]} 17. a3 {[%clk 0:16:56]} Rxc1+
{[%clk 0:14:35]} 18. Rxc1 {[%clk 0:16:39]} Bxa3 {[%clk 0:13:27]} 19. Ra1
{[%clk 0:16:48]} Bxb2 {[%clk 0:13:52]} 20. Rxa5 {[%clk 0:17:13]} Bxd4
{[%clk 0:14:15]} 21. Nxd4 {[%clk 0:17:37]} Rc8 {[%clk 0:13:50]} 22. h3
{[%clk 0:17:55]} Rc1+ {[%clk 0:07:40]} 23. Kh2 {[%clk 0:18:16]} Kf7
{[%clk 0:07:33]} 24. Rxa7 {[%clk 0:17:17]} Bc8 {[%clk 0:07:57]} 25. Bf3
{[%clk 0:14:09]} Nxf2 {[%clk 0:05:42]} 26. Bxd5+ {[%clk 0:14:28]} Kg6
{[%clk 0:03:32]} 27. Bxb7 {[%clk 0:14:01]} Bxb7 {[%clk 0:03:37]} 28. Rxb7
{[%clk 0:14:26]} Rc3 {[%clk 0:03:42]} 29. b4 {[%clk 0:14:22]} Nd1
{[%clk 0:03:19]} 30. e4 {[%clk 0:13:17]} Rc4 {[%clk 0:03:16]} 31. Nf5
{[%clk 0:13:31]} Kg5 {[%clk 0:02:48]} 32. Rxg7+ {[%clk 0:12:44]} Kf4
{[%clk 0:03:14]} 33. b5 {[%clk 0:12:17]} Rb4 {[%clk 0:02:36]} 34. Rxh7
{[%clk 0:11:37]} Rxb5 {[%clk 0:02:59]} 35. Nd6 {[%clk 0:09:04]} Rb8
{[%clk 0:01:59]} 36. Rh6 {[%clk 0:06:53]} Ke5 {[%clk 0:01:41]} 37. Nc4+
{[%clk 0:06:48]} Kd4 {[%clk 0:02:06]} 38. Nd2 {[%clk 0:07:11]} Rf8
{[%clk 0:02:24]} 39. Rh4 {[%clk 0:06:51]} Nc3 {[%clk 0:01:12]} 40. Nf3+
{[%clk 0:07:04]} Ke3 {[%clk 0:01:26]} 41. e5 {[%clk 0:06:48]} f5 {[%clk 0:01:42]}
42. Rc4 {[%clk 0:05:54]} Ne4 {[%clk 0:01:55]} 43. e6 {[%clk 0:04:25]} Re8
{[%clk 0:02:05]} 44. Rc6 {[%clk 0:03:49]} Kf4 {[%clk 0:02:13]} 45. Rb6
{[%clk 0:04:05]} Nc5 {[%clk 0:02:02]} 46. Rb4+ {[%clk 0:03:54]} Ne4
{[%clk 0:02:23]} 47. Rb6 {[%clk 0:02:44]} Nc5 {[%clk 0:02:44]} 48. Nd4
{[%clk 0:03:09]} Ke5 {[%clk 0:02:38]} 49. Rb4 {[%clk 0:02:15]} Nxe6
{[%clk 0:02:44]} 50. Nxe6 {[%clk 0:02:37]} Rxe6 {[%clk 0:02:36]} 51. Kg3
{[%clk 0:03:02]} Rg6+ {[%clk 0:02:03]} 52. Kf3 {[%clk 0:03:25]} Ra6
{[%clk 0:02:30]} 53. Rb3 {[%clk 0:02:30]} Kf6 {[%clk 0:02:28]} 54. Kg3
{[%clk 0:01:50]} Kg5 {[%clk 0:02:47]} 55. Rf3 {[%clk 0:01:34]} Ra4
{[%clk 0:03:10]} 56. h4+ {[%clk 0:01:51]} Kg6 {[%clk 0:03:35]} 57. Kh3
{[%clk 0:02:09]} Rb4 {[%clk 0:03:55]} 58. Rc3 {[%clk 0:02:14]} Kh5
{[%clk 0:03:36]} 59. g3 {[%clk 0:02:30]} Rb6 {[%clk 0:03:45]} 60. Rc4
{[%clk 0:02:18]} Kg6 {[%clk 0:04:06]} 61. Kg2 {[%clk 0:02:30]} Ra6
{[%clk 0:03:39]} 62. Kf3 {[%clk 0:02:42]} Rb6 {[%clk 0:03:56]} 63. Rd4
{[%clk 0:02:09]} Ra6 {[%clk 0:03:12]} 64. Kf4 {[%clk 0:02:25]} Kf6
{[%clk 0:02:34]} 65. h5 {[%clk 0:02:06]} Rb6 {[%clk 0:02:57]} 66. h6
{[%clk 0:01:40]} Kg6 {[%clk 0:03:20]} 67. h7 {[%clk 0:01:29]} Kxh7
{[%clk 0:03:43]} 1/2-1/2

[Event "EYCC 2024 - O14"]
[Site "?"]
[Date "2024.08.26"]
[Round "5.11"]
[White "Zakin, Ilay"]
[Black "Gubin, Dmitrii"]
[Result "1-0"]
[BlackElo "2084"]
[WhiteElo "2235"]
[LiveChessVersion "1.4.8"]

1. e4 {[%clk 1:30:58]} c5 {[%clk 1:30:52]} 2. Nf3 {[%clk 1:31:23]} Nc6
{[%clk 1:31:15]} 3. Bb5 {[%clk 1:31:47]} d6 {[%clk 1:31:37]} 4. O-O
{[%clk 1:31:45]} Bd7 {[%clk 1:31:51]} 5. c3 {[%clk 1:31:32]} a6 {[%clk 1:31:52]}
6. Ba4 {[%clk 1:31:19]} Nf6 {[%clk 1:32:03]} 7. Re1 {[%clk 1:31:37]} b5
{[%clk 1:32:09]} 8. Bb3 {[%clk 1:24:25]} c4 {[%clk 1:31:31]} 9. Bc2
{[%clk 1:24:48]} g6 {[%clk 1:31:51]} 10. d4 {[%clk 1:21:10]} cxd3
{[%clk 1:32:04]} 11. Qxd3 {[%clk 1:21:30]} Bg7 {[%clk 1:31:20]} 12. Nbd2
{[%clk 1:19:15]} O-O {[%clk 1:30:59]} 13. h3 {[%clk 1:18:12]} b4 {[%clk 1:14:16]}
14. c4 {[%clk 1:09:54]} a5 {[%clk 1:13:25]} 15. Rd1 {[%clk 0:46:36]} a4
{[%clk 1:09:18]} 16. c5 {[%clk 0:46:30]} dxc5 {[%clk 0:41:01]} 17. e5
{[%clk 0:46:29]} Ne8 {[%clk 0:31:20]} 18. Nc4 {[%clk 0:44:32]} Be6
{[%clk 0:28:41]} 19. Qe4 {[%clk 0:19:39]} Qc7 {[%clk 0:26:31]} 20. Ne3
{[%clk 0:19:16]} Ra5 {[%clk 0:16:02]} 21. Ng5 {[%clk 0:17:00]} Nd4
{[%clk 0:12:11]} 22. Qh4 {[%clk 0:16:15]} h6 {[%clk 0:09:41]} 23. Nxe6
{[%clk 0:15:15]} Nxe6 {[%clk 0:09:00]} 24. Nd5 {[%clk 0:11:08]} Qxe5
{[%clk 0:06:56]} 25. Nxe7+ {[%clk 0:10:56]} Kh7 {[%clk 0:07:21]} 26. Qg4
{[%clk 0:06:00]} Nf6 {[%clk 0:04:39]} 27. Bxg6+ {[%clk 0:02:28]} fxg6
{[%clk 0:05:02]} 28. Qxg6+ {[%clk 0:02:57]} Kh8 {[%clk 0:05:30]} 29. Bxh6
{[%clk 0:02:22]} Qh5 {[%clk 0:02:26]} 30. Bxg7+ {[%clk 0:02:47]} Nxg7
{[%clk 0:02:50]} 31. Rd6 {[%clk 0:01:38]} Qxg6 {[%clk 0:00:41]} 32. Nxg6+
{[%clk 0:02:07]} Kg8 {[%clk 0:01:09]} 33. Nxf8 {[%clk 0:02:25]} Nfe8
{[%clk 0:01:22]} 34. Rc6 {[%clk 0:02:32]} Kxf8 {[%clk 0:01:25]} 35. Rc1
{[%clk 0:03:01]} a3 {[%clk 0:01:04]} 36. b3 {[%clk 0:03:23]} Nf5 {[%clk 0:00:34]}
37. R6xc5 {[%clk 0:03:22]} Rxc5 {[%clk 0:01:02]} 38. Rxc5 {[%clk 0:03:45]} Ned6
{[%clk 0:01:29]} 39. Rd5 {[%clk 0:03:20]} Ke7 {[%clk 0:01:14]} 40. g4
{[%clk 0:03:19]} Nh4 {[%clk 0:01:33]} 41. Kf1 {[%clk 0:03:23]} Nf3
{[%clk 0:01:10]} 42. Ke2 {[%clk 0:02:23]} Ng1+ {[%clk 0:01:25]} 43. Ke3
{[%clk 0:02:48]} Nxh3 {[%clk 0:01:14]} 44. Rh5 {[%clk 0:03:05]} Nc4+
{[%clk 0:00:39]} 45. bxc4 {[%clk 0:03:34]} b3 {[%clk 0:01:01]} 46. Rxh3
{[%clk 0:04:02]} 1-0

[Event "EYCC 2024 - O14"]
[Site "?"]
[Date "2024.08.26"]
[Round "5.12"]
[White "Khoury, Theo"]
[Black "Durucay, Uygar"]
[Result "0-1"]
[BlackElo "2234"]
[WhiteElo "2085"]
[LiveChessVersion "1.4.8"]

1. e4 {[%clk 1:30:58]} c6 {[%clk 1:30:25]} 2. d4 {[%clk 1:31:04]} d5
{[%clk 1:30:46]} 3. exd5 {[%clk 1:31:30]} cxd5 {[%clk 1:31:10]} 4. Bd3
{[%clk 1:31:56]} Nc6 {[%clk 1:31:28]} 5. c3 {[%clk 1:32:23]} Nf6 {[%clk 1:31:50]}
6. Nf3 {[%clk 1:31:21]} Bg4 {[%clk 1:31:15]} 7. h3 {[%clk 1:31:45]} Bh5
{[%clk 1:30:34]} 8. Bf4 {[%clk 1:32:06]} e6 {[%clk 1:30:28]} 9. O-O
{[%clk 1:32:28]} Bd6 {[%clk 1:29:54]} 10. Bxd6 {[%clk 1:32:51]} Qxd6
{[%clk 1:30:20]} 11. Nbd2 {[%clk 1:33:14]} O-O {[%clk 1:30:06]} 12. Re1
{[%clk 1:33:39]} Qc7 {[%clk 1:27:26]} 13. a3 {[%clk 1:31:56]} Rab8
{[%clk 1:21:13]} 14. Re3 {[%clk 1:31:50]} Na5 {[%clk 1:16:11]} 15. Qf1
{[%clk 1:23:19]} b5 {[%clk 1:12:32]} 16. b4 {[%clk 1:14:10]} Nc4 {[%clk 1:12:58]}
17. Bxc4 {[%clk 1:14:11]} dxc4 {[%clk 1:13:15]} 18. g4 {[%clk 1:10:40]} Bg6
{[%clk 1:12:15]} 19. Ne5 {[%clk 1:10:55]} Nd5 {[%clk 1:09:37]} 20. Rg3
{[%clk 1:11:21]} f6 {[%clk 0:59:57]} 21. Nxg6 {[%clk 1:11:14]} hxg6
{[%clk 1:00:25]} 22. Ne4 {[%clk 1:08:08]} Ra8 {[%clk 0:57:19]} 23. Nc5
{[%clk 1:07:35]} Qd6 {[%clk 0:56:47]} 24. a4 {[%clk 1:04:32]} a6 {[%clk 0:56:40]}
25. axb5 {[%clk 1:02:01]} axb5 {[%clk 0:57:03]} 26. Ra5 {[%clk 1:02:22]} Rxa5
{[%clk 0:54:58]} 27. bxa5 {[%clk 1:02:25]} Ra8 {[%clk 0:48:37]} 28. Qb1
{[%clk 0:56:28]} Nf4 {[%clk 0:38:26]} 29. Rf3 {[%clk 0:41:56]} Rxa5
{[%clk 0:35:29]} 30. Nb7 {[%clk 0:41:08]} Qd5 {[%clk 0:35:51]} 31. Rxf4
{[%clk 0:41:28]} Qxb7 {[%clk 0:36:19]} 32. Qxg6 {[%clk 0:37:52]} Ra1+
{[%clk 0:36:12]} 33. Kh2 {[%clk 0:38:16]} Rh1+ {[%clk 0:35:05]} 34. Kg3
{[%clk 0:38:42]} Rg1+ {[%clk 0:35:17]} 35. Kh4 {[%clk 0:39:05]} Qf7
{[%clk 0:29:29]} 36. Kh5 {[%clk 0:32:41]} Rd1 {[%clk 0:28:43]} 37. g5
{[%clk 0:27:54]} f5 {[%clk 0:25:08]} 38. h4 {[%clk 0:25:28]} Rd3 {[%clk 0:22:11]}
39. f3 {[%clk 0:25:29]} Rd1 {[%clk 0:19:40]} 40. d5 {[%clk 0:24:41]} Rxd5
{[%clk 0:20:04]} 41. Qxf7+ {[%clk 0:25:07]} Kxf7 {[%clk 0:20:30]} 42. g6+
{[%clk 0:25:31]} Kf6 {[%clk 0:20:27]} 43. Rd4 {[%clk 0:25:58]} Rxd4
{[%clk 0:20:49]} 44. cxd4 {[%clk 0:26:26]} c3 {[%clk 0:21:12]} 0-1

[Event "EYCC 2024 - O14"]
[Site "?"]
[Date "2024.08.26"]
[Round "5.13"]
[White "Gkavardinas, Antonios"]
[Black "Alizada, Pasham"]
[Result "1-0"]
[BlackElo "2066"]
[WhiteElo "2222"]
[LiveChessVersion "1.4.8"]

1. e4 {[%clk 1:30:57]} e6 {[%clk 1:30:58]} 2. d4 {[%clk 1:31:15]} d5
{[%clk 1:31:25]} 3. Nd2 {[%clk 1:31:39]} Nc6 {[%clk 1:31:52]} 4. Ngf3
{[%clk 1:31:29]} Nf6 {[%clk 1:32:17]} 5. e5 {[%clk 1:31:23]} Nd7 {[%clk 1:33:12]}
6. c3 {[%clk 1:29:26]} f6 {[%clk 1:33:39]} 7. Bb5 {[%clk 1:28:54]} fxe5
{[%clk 1:28:31]} 8. dxe5 {[%clk 1:27:46]} a6 {[%clk 1:26:45]} 9. Bxc6
{[%clk 1:25:24]} bxc6 {[%clk 1:26:48]} 10. O-O {[%clk 1:25:14]} c5
{[%clk 1:20:46]} 11. Qa4 {[%clk 1:20:51]} a5 {[%clk 1:16:32]} 12. Qg4
{[%clk 1:16:31]} Qe7 {[%clk 1:16:15]} 13. Re1 {[%clk 1:15:03]} g6
{[%clk 1:04:01]} 14. Ng5 {[%clk 1:11:26]} Nb6 {[%clk 1:03:43]} 15. h4
{[%clk 1:07:11]} h6 {[%clk 1:03:24]} 16. Nh3 {[%clk 1:06:33]} Qf7
{[%clk 1:03:06]} 17. Re3 {[%clk 1:02:06]} Qf5 {[%clk 1:00:29]} 18. Qg3
{[%clk 1:01:32]} Bg7 {[%clk 0:53:06]} 19. Nf1 {[%clk 0:55:32]} O-O
{[%clk 0:45:17]} 20. Rf3 {[%clk 0:53:38]} Qxe5 {[%clk 0:43:16]} 21. Rxf8+
{[%clk 0:50:26]} Kxf8 {[%clk 0:43:43]} 22. Bf4 {[%clk 0:41:29]} Qe4
{[%clk 0:33:14]} 23. f3 {[%clk 0:40:17]} Qd3 {[%clk 0:20:54]} 24. Bxc7
{[%clk 0:37:25]} Nc4 {[%clk 0:20:46]} 25. Nf4 {[%clk 0:35:20]} Qf5
{[%clk 0:19:10]} 26. Re1 {[%clk 0:24:24]} g5 {[%clk 0:08:34]} 27. hxg5
{[%clk 0:22:12]} Qxg5 {[%clk 0:08:06]} 28. Qf2 {[%clk 0:19:47]} d4
{[%clk 0:08:27]} 29. Qe2 {[%clk 0:17:10]} Ne3 {[%clk 0:07:03]} 30. Nxe3
{[%clk 0:17:16]} dxe3 {[%clk 0:07:32]} 31. Qxe3 {[%clk 0:16:45]} Ra6
{[%clk 0:06:35]} 32. Rd1 {[%clk 0:14:23]} Bf6 {[%clk 0:06:32]} 33. Qe4
{[%clk 0:09:24]} Kf7 {[%clk 0:05:25]} 34. Nd3 {[%clk 0:06:09]} a4
{[%clk 0:02:46]} 35. Be5 {[%clk 0:05:06]} Rb6 {[%clk 0:01:36]} 36. Bxf6
{[%clk 0:03:54]} Kxf6 {[%clk 0:01:51]} 37. Qxa4 {[%clk 0:03:33]} Qe3+
{[%clk 0:01:39]} 38. Kh1 {[%clk 0:03:34]} Ba6 {[%clk 0:01:39]} 39. Qh4+
{[%clk 0:03:41]} Kg7 {[%clk 0:01:01]} 40. Nf4 {[%clk 0:03:42]} Rb7
{[%clk 0:01:05]} 41. Qg4+ {[%clk 0:03:52]} Kf6 {[%clk 0:01:22]} 42. Nh5+
{[%clk 0:03:45]} Ke5 {[%clk 0:01:48]} 43. f4+ {[%clk 0:04:05]} Ke4
{[%clk 0:02:15]} 44. Qxe6# 1-0

[Event "EYCC 2024 - O14"]
[Site "?"]
[Date "2024.08.26"]
[Round "5.14"]
[White "Gorkov, Kirill"]
[Black "Katsanis, Vasileios Dim"]
[Result "0-1"]
[BlackElo "2222"]
[WhiteElo "1995"]
[LiveChessVersion "1.4.8"]

1. d4 {[%clk 1:30:58]} d5 {[%clk 1:30:38]} 2. Nc3 {[%clk 1:31:20]} Nf6
{[%clk 1:31:02]} 3. Bf4 {[%clk 1:31:44]} g6 {[%clk 1:31:26]} 4. Qd2
{[%clk 1:32:01]} Bg7 {[%clk 1:31:41]} 5. O-O-O {[%clk 1:32:12]} c6
{[%clk 1:31:17]} 6. f3 {[%clk 1:31:08]} b5 {[%clk 1:31:28]} 7. Kb1
{[%clk 1:25:33]} Nbd7 {[%clk 1:28:58]} 8. Bh6 {[%clk 1:14:11]} Bxh6
{[%clk 1:28:05]} 9. Qxh6 {[%clk 1:14:34]} Nb6 {[%clk 1:14:52]} 10. e3
{[%clk 1:11:22]} b4 {[%clk 1:14:38]} 11. Nce2 {[%clk 1:11:39]} a5
{[%clk 1:09:32]} 12. g4 {[%clk 1:07:42]} Nc4 {[%clk 1:02:20]} 13. Nc1
{[%clk 1:03:41]} a4 {[%clk 0:49:30]} 14. g5 {[%clk 0:56:48]} Nd7 {[%clk 0:42:43]}
15. Qg7 {[%clk 0:53:00]} Rf8 {[%clk 0:43:08]} 16. Bxc4 {[%clk 0:52:11]} dxc4
{[%clk 0:43:37]} 17. Nge2 {[%clk 0:51:56]} Qa5 {[%clk 0:40:09]} 18. h4
{[%clk 0:25:07]} Ba6 {[%clk 0:35:00]} 19. Nf4 {[%clk 0:24:04]} c3
{[%clk 0:24:56]} 20. d5 {[%clk 0:20:15]} cxb2 {[%clk 0:24:24]} 21. Kxb2
{[%clk 0:20:19]} Nb6 {[%clk 0:22:24]} 22. dxc6 {[%clk 0:18:28]} Qc5
{[%clk 0:18:22]} 23. Qd4 {[%clk 0:15:04]} Qxc6 {[%clk 0:11:29]} 24. Nd5
{[%clk 0:14:13]} a3+ {[%clk 0:05:19]} 25. Kb1 {[%clk 0:14:37]} Nxd5
{[%clk 0:05:35]} 26. Qxd5 {[%clk 0:15:00]} Qxd5 {[%clk 0:04:53]} 27. Rxd5
{[%clk 0:15:25]} Bb7 {[%clk 0:05:22]} 28. Rd4 {[%clk 0:14:35]} Bxf3
{[%clk 0:05:50]} 29. Rf1 {[%clk 0:14:52]} Bc6 {[%clk 0:06:03]} 30. Rxb4
{[%clk 0:14:08]} h6 {[%clk 0:04:12]} 31. Nd3 {[%clk 0:13:42]} hxg5
{[%clk 0:04:38]} 32. hxg5 {[%clk 0:14:05]} Rh8 {[%clk 0:04:19]} 33. Rb6
{[%clk 0:10:21]} Bd5 {[%clk 0:03:35]} 34. Nf4 {[%clk 0:05:03]} Bc4
{[%clk 0:03:08]} 35. Rc1 {[%clk 0:05:00]} Rh2 {[%clk 0:01:28]} 36. Rb4
{[%clk 0:05:13]} Rc8 {[%clk 0:01:48]} 37. Ra4 {[%clk 0:04:51]} e5
{[%clk 0:02:05]} 38. Nxg6 {[%clk 0:02:06]} fxg6 {[%clk 0:02:11]} 39. Rxa3
{[%clk 0:02:28]} Rb8+ {[%clk 0:02:05]} 40. Ka1 {[%clk 0:02:52]} Rg2
{[%clk 0:02:07]} 41. Ra4 {[%clk 0:02:24]} Be6 {[%clk 0:01:38]} 42. Rh1
{[%clk 0:02:05]} Rb7 {[%clk 0:01:33]} 43. Rh8+ {[%clk 0:01:50]} Ke7
{[%clk 0:01:59]} 44. Rh1 {[%clk 0:01:40]} Rxg5 {[%clk 0:01:39]} 45. Ra5
{[%clk 0:01:37]} Kf6 {[%clk 0:01:52]} 46. e4 {[%clk 0:01:41]} Rg4
{[%clk 0:02:10]} 47. Ra4 {[%clk 0:01:52]} Rf4 {[%clk 0:01:30]} 48. Re1
{[%clk 0:02:02]} g5 {[%clk 0:01:54]} 49. c4 {[%clk 0:02:25]} Rc7 {[%clk 0:02:18]}
0-1

[Event "EYCC 2024 - O14"]
[Site "?"]
[Date "2024.08.26"]
[Round "5.15"]
[White "Meher, Adwaye"]
[Black "Federer, Colin"]
[Result "0-1"]
[BlackElo "2151"]
[WhiteElo "1662"]
[LiveChessVersion "1.4.8"]

1. e4 {[%clk 1:30:58]} c5 {[%clk 1:30:54]} 2. c3 {[%clk 1:31:25]} Nf6
{[%clk 1:31:20]} 3. e5 {[%clk 1:31:51]} Nd5 {[%clk 1:31:45]} 4. Nf3
{[%clk 1:32:17]} d6 {[%clk 1:32:07]} 5. d4 {[%clk 1:32:42]} cxd4 {[%clk 1:32:30]}
6. cxd4 {[%clk 1:33:09]} Nc6 {[%clk 1:32:54]} 7. Bc4 {[%clk 1:33:35]} dxe5
{[%clk 1:33:00]} 8. dxe5 {[%clk 1:33:46]} Be6 {[%clk 1:32:43]} 9. O-O
{[%clk 1:33:14]} Nc7 {[%clk 1:32:38]} 10. Na3 {[%clk 1:30:36]} g6
{[%clk 1:21:32]} 11. Qb3 {[%clk 1:25:13]} Bg7 {[%clk 1:09:02]} 12. Bxe6
{[%clk 1:15:36]} Nxe6 {[%clk 1:09:26]} 13. Qxb7 {[%clk 1:15:33]} Rc8
{[%clk 1:05:14]} 14. Bd2 {[%clk 1:12:50]} O-O {[%clk 1:03:32]} 15. Bc3
{[%clk 1:08:03]} Qd3 {[%clk 0:59:15]} 16. Qb3 {[%clk 0:59:35]} Nf4
{[%clk 0:58:31]} 17. Rad1 {[%clk 0:56:26]} Qf5 {[%clk 0:58:11]} 18. Nc4
{[%clk 0:53:32]} Nxg2 {[%clk 0:55:44]} 19. Kxg2 {[%clk 0:34:28]} Qg4+
{[%clk 0:56:07]} 20. Kh1 {[%clk 0:34:55]} Qxf3+ {[%clk 0:56:30]} 21. Kg1
{[%clk 0:35:22]} Rb8 {[%clk 0:55:34]} 22. Qa4 {[%clk 0:35:07]} Qg4+
{[%clk 0:50:59]} 23. Kh1 {[%clk 0:35:31]} Nxe5 {[%clk 0:49:38]} 24. f4
{[%clk 0:33:50]} Nxc4 {[%clk 0:47:40]} 25. Qxc4 {[%clk 0:34:15]} Rfc8
{[%clk 0:46:59]} 26. Qd3 {[%clk 0:31:51]} Bxc3 {[%clk 0:45:32]} 27. bxc3
{[%clk 0:32:16]} Rb2 {[%clk 0:45:34]} 28. Rd2 {[%clk 0:32:22]} Rxd2
{[%clk 0:45:47]} 29. Qxd2 {[%clk 0:32:48]} Qh3 {[%clk 0:45:45]} 30. Rc1
{[%clk 0:32:17]} Qf3+ {[%clk 0:44:22]} 31. Kg1 {[%clk 0:32:28]} Rc4
{[%clk 0:43:14]} 32. Qd8+ {[%clk 0:31:46]} Kg7 {[%clk 0:43:38]} 33. Qxe7
{[%clk 0:31:29]} Qg4+ {[%clk 0:43:45]} 34. Kh1 {[%clk 0:31:48]} Qxf4
{[%clk 0:44:07]} 0-1

[Event "EYCC 2024 - O14"]
[Site "?"]
[Date "2024.08.26"]
[Round "5.16"]
[White "Marin Ferragut, Pau"]
[Black "Malinowsky, Levi"]
[Result "1-0"]
[BlackElo "2006"]
[WhiteElo "2338"]
[LiveChessVersion "1.4.8"]

1. c4 {[%clk 1:30:47]} Nf6 {[%clk 1:30:50]} 2. Nc3 {[%clk 1:30:53]} d5
{[%clk 1:31:04]} 3. cxd5 {[%clk 1:30:37]} Nxd5 {[%clk 1:31:18]} 4. Nf3
{[%clk 1:30:27]} g6 {[%clk 1:29:52]} 5. h4 {[%clk 1:30:10]} Bg7 {[%clk 1:28:24]}
6. h5 {[%clk 1:30:22]} O-O {[%clk 1:26:46]} 7. hxg6 {[%clk 1:26:55]} hxg6
{[%clk 1:26:48]} 8. Qa4 {[%clk 1:27:16]} e5 {[%clk 1:21:06]} 9. Nxd5
{[%clk 1:25:21]} Qxd5 {[%clk 1:21:13]} 10. Qh4 {[%clk 1:25:19]} f6
{[%clk 0:56:28]} 11. Qh7+ {[%clk 1:15:17]} Kf7 {[%clk 0:56:52]} 12. Nh4
{[%clk 1:14:33]} g5 {[%clk 0:54:02]} 13. Qg6+ {[%clk 1:03:17]} Kg8
{[%clk 0:52:34]} 14. Nf5 {[%clk 0:59:52]} Bxf5 {[%clk 0:51:06]} 15. Qxf5
{[%clk 1:00:20]} Qd7 {[%clk 0:43:34]} 16. Qg6 {[%clk 0:52:45]} Rd8
{[%clk 0:38:09]} 17. e3 {[%clk 0:52:27]} Nc6 {[%clk 0:34:59]} 18. Bc4+
{[%clk 0:49:02]} Kf8 {[%clk 0:35:17]} 19. b3 {[%clk 0:46:54]} a5 {[%clk 0:32:40]}
20. Qh7 {[%clk 0:45:57]} Ne7 {[%clk 0:31:44]} 21. Ba3 {[%clk 0:43:12]} Qxd2+
{[%clk 0:31:37]} 22. Kf1 {[%clk 0:43:29]} Rd6 {[%clk 0:31:25]} 23. Qh5
{[%clk 0:42:52]} Rd5 {[%clk 0:30:36]} 24. e4 {[%clk 0:42:05]} Qd4
{[%clk 0:28:46]} 25. Bxd5 {[%clk 0:41:30]} Qxa1+ {[%clk 0:28:52]} 26. Ke2
{[%clk 0:41:57]} Qxa2+ {[%clk 0:29:05]} 27. Ke3 {[%clk 0:41:41]} 1-0